Statistics for A-Z Spanish

Click here to take the quiz!

General Stats

  • This quiz has been taken 15 times
  • The average score is 19 of 28

Answer Stats

HintAnswer% Correct
HOUSEcasa
100%
CATgato
100%
CHEESEqueso
92%
SUNsol
92%
SHOEzapato
92%
FRUITfruta
85%
ISLANDisla
85%
FISHpez
85%
BABYbebé
77%
ELEPHANTelefante
77%
WORLDmundo
77%
GOLDoro
77%
COWvaca
77%
WI-FIwifi
77%
READleer
69%
KEYllave
69%
QUEENreina
69%
FINGERdedo
62%
GRAPEuva
62%
YO-YOyoyo
62%
KIWIkiwi
54%
SOAPjabón
46%
CLOUDnube
46%
Spideraraña
38%
FORKtenedor
38%
XYLOPHONExilófono
38%
BEEabeja
23%
LEAFhoja
23%

Score Distribution

Percentile by Number Answered

Percent of People with Each Score

Your Score History

You have not taken this quiz